Essays on Sex Equality /
Análisis intelectual de la situación de la mujer, sus derechos políticos y económicos para lograr la igualdad sexual. Incluye un estudio introductorio sobre John Stuart Mill y Harriet Taylor Mill y la reproducción de sus ensayos sobre igualdad sexual.
Na minha lista:
| Autor principal: | |
|---|---|
| Outros Autores: | , |
| Formato: | Livro |
| Idioma: | inglês |
| Publicado em: |
Chicago, EUA :
University of Chicago,
1970, c1970
|
| Assuntos: | |
| Tags: |
Sem tags, seja o primeiro a adicionar uma tag!
|
MARC
| LEADER | 00000nam^a2200000^a^4500 | ||
|---|---|---|---|
| 001 | 000264984 | ||
| 005 | 20250521000000.0 | ||
| 009 | 20260310110703.062 | ||
| 020 | |a 0-226-52546-5 | ||
| 037 | |a Acervo ITESO - Biblioteca | ||
| 041 | |a ING | ||
| 082 | |a 305. 3 |b MIL | ||
| 100 | |a Mill, John Stuart |e (autor) | ||
| 245 | 1 | 0 | |a Essays on Sex Equality / |c J.S. Mill, H.T. Mill ; introd. de A.S. Rossi. |
| 264 | 4 | |a Chicago, EUA : |b University of Chicago, |c 1970, c1970 | |
| 300 | |a 242 p. | ||
| 336 | |a texto |b txt |2 rdacontenido | ||
| 337 | |a sin mediación |b n |2 rdamedio | ||
| 338 | |a volumen |b nc |2 rdasoporte | ||
| 520 | |a Análisis intelectual de la situación de la mujer, sus derechos políticos y económicos para lograr la igualdad sexual. Incluye un estudio introductorio sobre John Stuart Mill y Harriet Taylor Mill y la reproducción de sus ensayos sobre igualdad sexual. | ||
| 649 | |a XX | ||
| 650 | |a Mujeres | ||
| 650 | |a Género | ||
| 650 | |a Identidad de Género | ||
| 650 | |a Roles de Género | ||
| 650 | |a Sexualidad | ||
| 650 | |a Feminismo | ||
| 650 | |a Igualdad y Desigualdad | ||
| 650 | |a Derechos Civiles | ||
| 650 | |a Utilitarismo | ||
| 650 | |a Sociología | ||
| 650 | |a Psicología | ||
| 700 | |a Mill, Harriet Taylor |e (autor) | ||
| 700 | |a Rossi, Alice S. |e (introducción) | ||
| 910 | |a Fondo General | ||
| 920 | |a Impresos - Libros | ||
| 930 | |a Colección General | ||
| 905 | |a 101 | ||
| 901 | |a 0500147328 |b IT1 |c ACC |u 20250521 | ||
| 902 | |a https://opac.biblio.iteso.mx/vufind/Record/000264984 | ||